| 000 | 05005nam a2200397 a 4500 | ||
|---|---|---|---|
| 999 |
_c130663 _d130663 |
||
| 003 | BLK | ||
| 005 | 20240322005328.0 | ||
| 008 | 180409b bul|||||r ||||||| ||bul|| | ||
| 010 | _aKNG00136432000 | ||
| 040 | _aBLK | ||
| 041 |
_aBUL _cBUL |
||
| 080 |
_aНаука. Наукознание. Организация на умствения труд _b001 _x(045) _z001(045) |
||
| 080 |
_aТехнически прогрес _b62.001.71 _x(045) _z62.001.71(045) |
||
| 139 |
_aИзследвания, разработки, внедряване _bИ 46 |
||
| 245 | 1 | 0 |
_aИзследвания, разработки, внедряване _bСб. статии _cред. кол. Никола Костадинов Стефанов и др. |
| 257 | _aBGR | ||
| 260 |
_aСофия _bНаука и изкуство _c1976 |
||
| 300 |
_a419 с. _bсъс сх. _c21 см |
||
| 380 | _a0 | ||
| 490 |
_aПоредица Наукознание и научна политика _9206301 |
||
| 500 | _aИзд. на БАН. Център по наукознание. - 1 624 тир. - Съдържа: Социализмът и науката / Н. Папазов. - Превръщането на БАН в академия от социалистически тип / А. Балевски. - Проблемът за научните кадри в условията на научно-техническата революция / С. Микулински. - Нравствени аспекти на управлението на науката / Н. Стефанов. - Управление на дейностите в цикъла "изследване - реализация на резултатите" / Г. Добрев, В. Янкевич, Е. Гуржий. - Ускореното производствено усвояване на резултатите от научните изследвания - важен резерв за повишаване ефективността на производството / В. Косолапов. - Изследователският труд и организационно-икономическите проблеми на внедряването и оценката на научните резултати /А. Щербанов. - Из опита на академията на науките на ГДР / Г. Крьобер, Р. Ромпе, О. Хенкел, Г. Кайл. - Социални иорганизационни предпоставки на внедряването / Я. Фаркаш. - Експертизи и контрол / Ю. Шейнин. - Условия за по-бързо внедряване на научните резултати в практиката / Й. Симеонов. - Програми за внедряване на научните резултати / К. Симеонова. - Методологически аспекти на изграждане механизма за управление на научната дейност на внедряването и нейните резултати в общественото производство / П. Велков. - Основни потоци и управление на научно-техническото нововъведение / Н. Мончев. - Трудът в процеса "изследване - внедряване" / Ст. Милушева. - Двата цикъла "наука - практика" / Л. Попов. - Фактори, забавящи осъществяването на научно-техническото нововъведение / Хр. Домозетов. - Научно-производствените обединения и тяхната роля в ускоряване на цикъла "изследване-производство" / А. Патерински. - Реализация на системно-интегриращите тенденции на програмно-целевото управление / Л. Енчева. - Формалната и неформалната организация на научните колективи и ефективизирането на научната дейност / К. Господинов. - От науката към обучението / К. Костов. | ||
| 650 | 4 |
_aНаука _9163554 |
|
| 650 | 0 |
_aТехнически прогрес _9260527 |
|
| 653 | _aнаучни изследвания | ||
| 653 | _aтехнически прогрес | ||
| 700 |
_aСтефанов, Никола Костадинов _d1932- _9378172 |
||
| 700 | 1 |
_aКачаунов, Стефан Ив. _eред. кол. _9322341 |
|
| 700 | 1 |
_aМончев, Найден Моев _eред. кол. _9378140 |
|
| 852 | _aЦб 80846 | ||
| 856 | 4 |
_qpdf _i0.00 _ldisable |
|
| 856 | 4 |
_qpdf _i0.00 _ldisable |
|
| 942 |
_cKNG _n0 _s1 |
||
| 944 |
_aCR _c23.11.2012 _lCRON CRON _k |
||
| 944 |
_aED _c2022-10-14 _kир |
||
| 999 | _d130663 | ||